Vista normal
Vista MARC
Entrada Materia (personas)
Número de registros utilizados en: 6
001 - CONTROL NUMBER
- control field: 30157
003 - CONTROL NUMBER IDENTIFIER
- control field: Co-BoUCM
005 - DATE AND TIME OF LATEST TRANSACTION
- control field: 20130226094923.0
008 - FIXED-LENGTH DATA ELEMENTS
- fixed length control field: 130226|| aca||aabn | a|a d
040 ## - CATALOGING SOURCE
- Original cataloging agency: Co-BoUCM
- Transcribing agency: Co-BoUCM
100 ## - HEADING--PERSONAL NAME
- Personal name: Kasza, keiko
670 ## - SOURCE DATA FOUND
- Source citation: Work cat.: (Co-BoUCM)39880: Kasza, keiko, El tigre y el ratón, 2006.